| Tag |
First Indicator |
Second Indicator |
Subfields |
| LEADER |
00000cam a2200000 4500 |
| 001 |
in00000259021 |
| 005 |
20151010052019.0 |
| 008 |
770121s1927 nyu 00000 eng d |
| 035 |
|
|
|a (OCoLC)02692090
|
| 035 |
|
|
|9 ABB8662AM
|
| 040 |
|
|
|a TOL
|c TOL
|d TXA
|d UtOrBLW
|
| 049 |
|
|
|a TXAM
|c [40264]
|
| 090 |
|
|
|a F122.1
|b .I834
|
| 100 |
1 |
|
|a Irving, Washington,
|d 1783-1859.
|
| 245 |
1 |
0 |
|a Diedrich Knickerbocker's, a history of New York /
|c by Washington Irving, edited with a critical introduction by Stanley Williams and Tremaine McDowell.
|
| 264 |
|
1 |
|a New York :
|b Harcourt, Brace and company,
|c [1927]
|
| 264 |
|
4 |
|c [©1927]
|
| 300 |
|
|
|a lxxvii, 475 pages :
|b illustrations ;
|c 17 cm.
|
| 336 |
|
|
|a text
|b txt
|2 rdacontent
|
| 337 |
|
|
|a unmediated
|b n
|2 rdamedia
|
| 338 |
|
|
|a volume
|b nc
|2 rdacarrier
|
| 490 |
0 |
|
|a American authors series, ed. by Stanley T. Williams
|
| 500 |
|
|
|a With reproduction of t.-p. and a "reduced facsimile of the folding map" ... of the 1809 edition.
|
| 504 |
|
|
|a "Selected reading list": pages lxxvii.
|
| 651 |
|
0 |
|a New York (State)
|x History
|y Colonial period, ca. 1600-1775.
|
| 700 |
1 |
|
|a Williams, Stanley Thomas,
|d 1888-1956.
|
| 700 |
1 |
|
|a McDowell, Tremaine.
|
| 999 |
|
|
|a MARS
|
| 999 |
f |
f |
|s ee250407-8ba3-3154-9552-9f89300af1f1
|i 70ef8e97-e145-3546-8258-95765bf0db8d
|t 0
|
| 952 |
f |
f |
|p ric
|a Texas A&M University
|b Rellis Campus
|c Joint Library Facility
|d Remote Storage
|t 0
|e F122.1 .I834
|h Library of Congress classification
|i unmediated -- volume
|m A14802270771
|
| 998 |
f |
f |
|a F122.1 .I834
|t 0
|l Remote Storage
|